000 00872nam0a22002411 4500
001 rc\2831348
005 20250529201457.0
035 _a(NLR Aleph) 006989300
090 _a5610675
_c5610675
100 _a20110625d1931 |||y0rusy50 ca
101 0 _arus
102 _aRU
105 _aa z |||||
200 1 _aПять побегов
_e[Рассказы для детей ст. возраста]
_fАлександр Ивич
_gРис. И. Кулешова
210 _aМосква
_aЛенинград
_cОгиз
_cМолодая гвардия
_d1931
_eМосква
_gтип. "Красный пролетарий"
215 _a80 с.
_cил.
_d20х14 см
700 1 _aИвич
_bА.
_f1900-1978
_gАлександр
702 1 _aКулешов
_bИ.
_4440
801 0 _aRU
_bNLR
_gpsbo
801 1 _aRU
_bELAR
_2rusmarc
852 _aNLR
_j31-10/2307
942 _cBOOK
980 _aNB